Statistiques concernant Les 30 villes les plus peuplées d'Amérique latine

Cliquez ici pour prendre le quiz!

Statistiques générales

  • Ce quiz a été pris 287 fois
  • Le résultat moyen est 18 sur 30

Statistiques - réponses

PopulationVille% Correct
22 900 000 / MexiqueMexico
100%
14 900 000 / ArgentineBuenos Aires
96%
8 850 000 / PérouLima
95%
12 500 000 / BrésilRio de Janeiro
95%
8 600 000 / ColombieBogotá
93%
7 100 000 / ChiliSantiago
91%
21 000 000 / BrésilSão Paulo
91%
3 875 000 / BrésilBrasília
90%
4 950 000 / VenezuelaCaracas
90%
2 250 000 / CubaLa Havane
80%
2 500 000 / HaïtiPort-au-Prince
68%
2 100 000 / ParaguayAsunción
67%
2 725 000 / GuatemalaGuatemala
65%
3 550 000 / ColombieMedellín
63%
3 150 000 / République DominicaineSaint-Domingue
59%
4 550 000 / MexiqueGuadalajara
55%
3 850 000 / BrésilRécife
51%
5 850 000 / BrésilBelo Horizonte
50%
2 750 000 / ColombieCali
50%
4 075 000 / MexiqueMonterrey
49%
4 275 000 / BrésilPorto Alegre
46%
3 650 000 / BrésilFortaleza
40%
2 475 000 / ÉquateurGuayaquil
38%
2 250 000 / BrésilBelém
34%
3 475 000 / BrésilCuritiba
31%
2 325 000 / VenezuelaMaracaibo
25%
3 650 000 / BrésilSalvador de Bahia
24%
1 970 000 / VenezuelaValencia
13%
2 900 000 / BrésilCampinas
10%
2 100 000 / BrésilGoiânia
9%

Distribution des résultats

Percentile par nombre de réponses

% des personnes avec chaque résultat

Votre développement - résultats

Vous n’avez pas pris ce quiz